Statistics for Guess The Airplane

Click here to take the quiz!

General Stats

  • This quiz has been taken 45 times
  • The average score is 5 of 10

Answer Stats

Answer% Correct
Boeing 747
75%
Boeing 737
73%
Boeing 777
68%
Airbus A320
65%
Boeing 787
58%
F-22
58%
ATR-72
48%
Antonov An225
45%
Dc-3
43%
Q300
10%

Score Distribution

Percentile by Number Answered

Percent of People with Each Score

Your Score History

You have not taken this quiz